00418nam a22001457a 4500003000400000008004100004082001700045100002100062245011100083260003200194300000900226502001500235650001300250650000900263OSt260505b |||||||| |||| 00| 0 eng d a633.61bP74S aPrasad, Devendra aA Study on Effect of Spacing under Varying Levels of Nitrogen and Irrigation on Two Varieties of Sugarcane aPusa, SamastipurbRAUc1978 a82P. bMsc.d1978 aAgronomy aMsc.